000 00807nam a2200217Ia 4500
005 20250108125204.0
008 008 250107s9999 xx 000 0 hin d
020 _a978-93-80934-64-8
037 _aTB
040 _aCRL
_bhin
_cCRL
041 _ahin
_2hin
084 _aΔ2:30aL:4725 P9
084 _qCRL
100 _aहरिराम, संपा.
245 0 _aमुकेश मानस: रचनाधर्मिता और संस्मरण
_cहरिराम, संपा.
260 _aदिल्ली, भारत
_bअधिकरण प्रकाशन
_c3594
300 _a151पृ0
650 _aहिन्दी निबंधहिन्दी साहित्य
_9729733
942 _cTB
_hΔ2:30aL:4725 P9
999 _c1235982
_d1235982